| 000 | nam a22 7a 4500 | ||
|---|---|---|---|
| 999 |
_c47603 _d47603 |
||
| 003 | OSt | ||
| 005 | 20190514102137.0 | ||
| 008 | 190514b xxu||||| |||| 00| 0 eng d | ||
| 040 | _cIIMT UNIVERSITY | ||
| 100 | _aDR. R. RMACHANDRA | ||
| 245 | _aMATHEMATICS | ||
| 260 |
_aBANGALORE _bEXCELLENT EDUCATIONAL ENTERPRISES |
||
| 300 | _a173 | ||
| 942 |
_2ddc _c09 |
||